| 000 | 00691nam a2200193Ii 4500 | ||
|---|---|---|---|
| 003 | JO-AjNU | ||
| 008 | 230605s9999||||xx |||||||||||||| ||und|| | ||
| 040 |
_aJO-AjNU _bara _erda _cJO-AjNU |
||
| 041 | _aara | ||
| 050 | 1 | 4 | _aBP130.4.E27 1900 |
| 100 | 3 |
_aبن تيميه،أحمد ، نصار،محمود محمد محمود/تحقيق, _eauthor _913552 |
|
| 245 | 0 | 0 | _aمقدمة في أصول التفسير |
| 264 | 3 | 1 | _aد.م:مكتبة التراث الاسلامي ،1900 |
| 300 | _a112ص | ||
| 336 |
_atext _btxt _2rdacontent |
||
| 337 |
_aunmediated _bn _2rdamedia |
||
| 338 |
_avolume _bnc _2rdacarrier |
||
| 650 | 4 |
_aالقرآن الكريم-تفسير-أصول التفسير _913553 |
|
| 999 |
_aA3404 _c6972 _d6972 |
||